Rudi Strahl. Všetkým na očiach premiéra 29. mája 1983 : Štúdio Novej scény : program k štvrtej premiére ... v divadelnej sezóne 1982/1983

Bibliographic Details
Corporate Author: Divadlo Nová scéna (Author)
Other Authors: Földvári, Kornel, 1932-2015 (Lyricist), Opálený, Peter (Editor)
Format: Book
Language:Slovak
PhysicalDescription:1 zložený list (3 strany) 30 x 21 cm zložené na 30 x 11 cm
Published: Bratislava Nová scéna 1983
Subjects:

MARC

LEADER 00000cam a2200000 a 4500
001 vtls011857870
003 SK-MaSNL
005 20260425224025.0
008 250313s1983 xo gr 000|0 slo
035 |a BU3873000000104668 
035 |a urn:nbn:sk:snk-am3he95 
035 |a 4A5DA1CC-285F-4B59-ACE2-525094222B08 
035 |a urn:nbn:sk:snk-am00crwq 
040 |a SNK  |b slo  |c SNK  |e AACR2 
041 0 |a slo 
044 |a xo  |c SK 
072 7 |a 792  |x Divadlo. Divadelné predstavenia  |2 konspekt 
080 |a (083.97)  |2 2011 
080 |a 792.2  |2 2011 
110 2 |a Divadlo Nová scéna  |4 aut  |9 228251 
245 1 0 |a Rudi Strahl. Všetkým na očiach  |b premiéra 29. mája 1983 : Štúdio Novej scény : program k štvrtej premiére ... v divadelnej sezóne 1982/1983  |c zodpovedný redaktor Peter Opálený ; grafická úprava Slávka Kolačková ; text Kornel Földvári 
246 3 0 |a Všetkým na očiach 
260 |a Bratislava  |b Nová scéna  |c 1983 
300 |a 1 zložený list (3 strany)  |c 30 x 21 cm zložené na 30 x 11 cm 
600 1 7 |a Strahl, Rudi,  |d 1931-2001  |t Všetkým na očiach  |2 SNK  |9 357328 
610 2 7 |a Divadlo Nová scéna  |2 SNKKA  |9 228251 
648 7 |a 29.5.1983  |2 SNKPH  |9 357329 
648 7 |a 1982-1983  |2 SNKPH  |9 357330 
650 0 7 |a činohry  |2 SNKPH  |9 3325 
650 0 7 |a divadelné premiéry  |2 SNKPH  |9 29572 
651 7 |a Bratislava (Slovensko)  |2 SNKPHgeo  |9 14568 
655 7 |a bulletiny  |2 SNKPH  |9 70453 
655 7 |a divadelné programy  |2 SNKPH  |9 70302 
700 1 |a Földvári, Kornel,  |d 1932-2015  |4 lyr  |9 159880 
700 1 |a Kolačková, Slávka  |4 grt  |9 357331 
700 1 |a Opálený, Peter  |4 edt  |9 357332 
852 |a Slovenská národná knižnica 
958 |a OND 
999 |c 602083  |d 604013 
952 |a SNK  |b SNK  |y NEVYP  |7 0  |p 3873B0000003  |o BU 9086 PP  |0 0  |1 0  |4 0  |d 2019-03-26  |f 1  |l 0  |r 2019-03-26 00:00:00  |w 2026-02-23